000 00476nam a2200181Ia 4500
001 8850
005 20260306160640.0
008 260306t2015||||xx |||||||||||||| ||spa||
041 _aESP
082 _a371.42
_bC91
100 _aCrouzel, Cecilia M.
_eAUT
245 0 _aDescubriendo tu vocación:
_bcamino práctico para un proyecto de vida con sentido
260 _c2015
300 _a236 páginas :
_c28 cm.
650 _aGEN
654 _aCED
942 _cLIB
_dJUS
_fJUS
_2ddc
_n
999 _c8850
_d8850